Dobre naštartovať a potom pokračovať ... liečba depresívnych stavov v séniu

Bibliographic Details
Main Author: Vavrušová, Lívia, 1958- (Author)
Corporate Author: Slovenský psychiatrický zjazd (Author)
Format: Conference Proceeding Article
Language:Slovak
ISSN:1335-9584
Subjects:

MARC

LEADER 00000nab a2200000 a 4500
001 vtls001494802
003 SK-MaSNL
005 20260304171609.0
008 250505c2004 xo 0 slo
015 |a SNBCL2005/2 
035 |a (uuid)bd1d34a3-1327-4a52-891a-294abb5cbd72 
035 |a urn:nbn:sk:snk-abu4z 
035 |a (urnnbn)urn:nbn:sk:snk:ar-a05n4k 
040 |a SNKBUCL  |b slo  |c SNKBUCL  |e AACR2 
041 0 |a slo 
044 |a xo  |c SK 
080 |a 616.895.4-053.9:061.3  |2 1981 
100 1 |a Vavrušová, Lívia,  |d 1958-  |4 aut  |9 20932 
245 1 0 |a Dobre naštartovať a potom pokračovať ... liečba depresívnych stavov v séniu  |c L. Vavrušová 
504 |a Bibliogr. odkazy 
650 0 7 |a depresie  |2 MESH  |9 30104 
650 0 7 |a vitamín B12  |2 MESH  |9 54049 
650 0 7 |a dlhodobá starostlivosť  |2 MESH  |9 192608 
650 0 7 |a antidepresíva  |2 MESH  |9 13607 
650 0 7 |a seniori  |2 MESH  |9 117453 
711 1 |a Slovenský psychiatrický zjazd  |n (6. :  |d 2004 :  |c Spišská Nová Ves, Slovensko)  |4 aut  |9 89910 
773 0 |t Psychiatria pre prax  |g pr. k č. 2/2004, supl. S1 (2004), s. S21-S22  |x 1335-9584 
850 |a Slovenská národná knižnica 
852 |a Slovenská národná knižnica 
954 |a odborná, vedecká literatúra pôvodná (slovenská)  |2 lita 
958 |a article27 
958 |a OND 
958 |a EUIPO 
999 |c 2994339  |d 2996269